مكتبة جامعة عجلون الوطنية

فهرس بحث المكتبة

BEEKEEPING FOR BEGINNERS : (Record no. 33489)

MARC details
000 -LEADER
fixed length control field 00720nam a22001937a 4500
003 - CONTROL NUMBER IDENTIFIER
control field JO-AjAnu
005 - DATE AND TIME OF LATEST TRANSACTION
control field 20240501125205.0
008 - FIXED-LENGTH DATA ELEMENTS--GENERAL INFORMATION
fixed length control field 240501b jo ||||| |||| 00| 0 ara d
020 ## - INTERNATIONAL STANDARD BOOK NUMBER
International Standard Book Number 9798844284885
040 ## - CATALOGING SOURCE
Original cataloging agency JO-AjAnu
Language of cataloging eng
Transcribing agency JO-AjAnu
Modifying agency JO-AjAnu
Description conventions rda
041 #0 - LANGUAGE CODE
Language code of text/sound track or separate title eng
Language code of original eng
050 ## - LIBRARY OF CONGRESS CALL NUMBER
Classification number SF523
Item number 2022
100 #1 - MAIN ENTRY--PERSONAL NAME
Personal name Baxter, Shawn
Relator term author
9 (RLIN) 65412
245 #0 - TITLE STATEMENT
Title BEEKEEPING FOR BEGINNERS :
Remainder of title The New Complete Guide to Raise a Healthy and Thriving Beehive.How to Ues Top Bar Hives, Take Care of Your Colony and Harvest Honey Insider Tips on Working With Beeswax /
Statement of responsibility, etc. Shawn Baxter
260 ## - PUBLICATION, DISTRIBUTION, ETC.
Date of publication, distribution, etc. 2022
300 ## - PHYSICAL DESCRIPTION
Extent 90 page
650 70 - SUBJECT ADDED ENTRY--TOPICAL TERM
Topical term or geographic name entry element BEEKEEPING FOR BEGINNERS
Form subdivision BEEKEEPING FOR BEGINNERS
9 (RLIN) 65413
942 ## - ADDED ENTRY ELEMENTS (KOHA)
Source of classification or shelving scheme Library of Congress Classification
Koha item type Books
Suppress in OPAC No
Holdings
Withdrawn status Lost status Source of classification or shelving scheme Damaged status Not for loan Home library Current library Date acquired Total Checkouts Full call number Barcode Date last seen Price effective from Koha item type
    Library of Congress Classification     مكتبة جامعة عجلون الوطنية مكتبة جامعة عجلون الوطنية 01/05/2024   SF523 2022 e3698 01/05/2024 01/05/2024 Books
    Library of Congress Classification     مكتبة جامعة عجلون الوطنية مكتبة جامعة عجلون الوطنية 01/05/2024   SF523 2022 e3697 01/05/2024 01/05/2024 Books